Lady gaga - Statistiques

Statistiques générales
  • Ce quiz a été pris 320 fois
  • Le résultat moyen est 11 sur 23
Statistiques - réponses
Réponse % Correct
Bad Romance
82%
Poker Face
82%
Telephone
74%
Alejandro
69%
Just Dance
69%
Paparazzi
69%
Monster
57%
Love game
52%
Teeth
47%
The Fame
46%
Dance in the dark
42%
Eh,eh
42%
Speechless
40%
So happy I could die
39%
Boys boys boys
35%
Beautiful,dirty,rich
32%
Summerboy
32%
Paper gangsta
30%
Brown eyes
29%
Disco Heaven
28%
Starstruck
28%
Money Honey
24%
I like it Rough
20%
Aucun quiz correspondant
Distribution des résultats
% des personnes avec chaque résultat
Percentile par nombre de réponses
Votre historique - résultats
Vous n’avez pas pris ce quiz